Statistics for Red vs. blue quiz

Click here to take the quiz!

General Stats

  • This quiz has been taken 2,371 times
    (2,335 since last reset)
  • The average score is 20 of 30

Answer Stats

HintAnswer% Correct
leader of the redsSarge
100%
Orange colored spartanGrif
98%
leader of the blues, boyfriend of texchurch
97%
stupid, stupid person of the bluescaboose
96%
"its not pink, its lightish red"Donut
96%
carries the energy swordtucker
96%
Kiss A** member of the redssimmons
94%
Robot of the redslopez
87%
Tucker becomes pregnant with what?an alien child
77%
lopez speaks ....spanish
77%
Freelancer agent that was ontop until texas cameagent carolina
75%
Freelancers are named bystates
75%
Before there was Red vs. blue, there was....Project Freelancer
74%
name of the bomb tex madeandrew
73%
What was texs' AIomega
72%
state name that was reserved (mentioned in season 9)Texas
70%
What AI was copied many times and abusedAlpha
68%
Freelancer main antagonist (season 6 - 8)Agent maine
65%
Other main antagonist (season 8)Agent washington
62%
Washington killed who by the advisment of the AI deltaSouth Dakota
61%
game that Rooster teeth created, where you only bludgeon griffgriffball
57%
containment unit for churchEPSILON unit
53%
Doc has two personalities himself, and (season 2 [i think] through 5)O'Mally
51%
director of project freelancerLeonard Church
47%
what lopez and shela created (season 2 or 3)Robot army
45%
phrase sarge overusesShotgun!
45%
Caboose asks for _______ in "ransom" for doughnutcookies
38%
doughnut thought he could understand lopez because4 years of high school spanish
35%
where did griff go to collegeharvard
9%
Sargeant johnson used what on simmons (in the odst mini series)his laser eyes
9%

Score Distribution

Percentile by Number Answered

Percent of People with Each Score

Your Score History

You have not taken this quiz since the last reset